La nervadura de lo real : imaginación y razón en Spinoza /

Guardado en:
Autor Principal: Chaui, Marilena.
Otros Autores: de Gainza, Mariana, (trad., prol.), Martignone, Hernán, (trad.), Tatián, Diego, (epil.)
Formato: Libro
Idioma:Undetermined
Publicado: Ciudad Autónoma de Buenos Aires : Fondo de Cultura Económica, 2020.
Edición:1a. ed.
Series:Filosofía
Materias:
Etiquetas: Agregar Etiqueta
Sin Etiquetas, Sea el primero en etiquetar este registro!
LEADER 00725nam a22002055a 4500
001 DER.der015379
008 251028s2020####xx############000#0#und#d
005 20251105130528.0
245 1 0 |a La nervadura de lo real :  |b imaginación y razón en Spinoza /  |c Marilena Chaui ;traducido por Mariana de Gainza y Hernán Martignone. 
250 |a 1a. ed. 
260 |a Ciudad Autónoma de Buenos Aires :  |b Fondo de Cultura Económica,  |c 2020. 
300 |a 614 p. 
490 1 |a Filosofía 
020 |a 9789877191417 
100 1 |a Chaui, Marilena. 
700 1 |a de Gainza, Mariana,  |e trad., prol. 
700 1 |a Martignone, Hernán,  |e trad. 
700 1 |a Tatián, Diego,  |e epil. 
650 7 |a FILOSOFÍA 
859 |a DERECHO  |b BIB. DERECHO  |h 190  |i CHA  |p 0010703